000 01539nam a2200493 i 4500
001 38311
003 KOSZ 005
005 20200724135926.0
008 001201s2000 pl a r |000 0 pol
015 _aUWD 2000/23065
020 _a8385038663
035 _a991015257639705066
035 _a(PL-WaBN)b14097898-48omnis_nlop
035 _ab14097898
035 _a(OCoLC)749154598
035 _a(PL)b0000001409789
035 _a(EXLNZ-48OMNIS_NETWORK)9910278885305606
040 _aWA N
_cWA N
_dKOSZ 005/HR
041 0 _apol
046 _k2000
080 _a637.1
080 _a663.1
245 0 0 _aProdukcja mlecznych napojów fermentowanych /
_cWaldemar Dzwolak [et al.].
260 _aWarszawa :
_b"Hoża",
_c2000.
300 _a324 s. :
_bil. ;
_c17 cm.
336 _aTekst
_btxt
_2rdacontent
337 _aBez urządzenia pośredniczącego
_bn
_2rdamedia
338 _aWolumin
_bnc
_2rdacarrier
380 _aKsiążki
380 _aPublikacje fachowe
388 _a1901-2000
388 _a1989-2000
490 1 _aBiblioteczka Majstra Mleczarskiego
504 _aBibliogr.
650 7 _aMleczne napoje fermentowane
_2DBN
650 7 _aMleczarstwo
650 7 _aTechnologia żywności
658 _aRolnictwo i leśnictwo
700 1 _aDzwolak, Waldemar
_eAutor
830 0 _aBiblioteczka Majstra Mleczarskiego
856 _uhttp://koha.tu.koszalin.pl/cgi-bin/koha/opac-detail.pl?biblionumber=38311
_yKatalogonline BPK
942 _2UKD
_cKS
999 _c38311
_d38311